[Event "TCh-TUR Super League 2014"]
[Site "Kocaeli TUR"]
[Date "2014.08.23"]
[Round "7.6"]
[Board "4"]
[White "Soysal, Serkan"]
[Black "Yilmazyerli, Mert"]
[Result "1/2-1/2"]
[BlackTitle "FM"]
[WhiteElo "2261"]
[BlackElo "2454"]
[WhiteTeam "Turk Hava Yollari Spor Kulubu"]
[BlackTeam "T.S. Alyans Satranc Spor Kulubu"]
[WhiteFideId "6349250"]
[BlackFideId "6305962"]
[EventDate "2014.08.18"]

1. e4 g6 2. d4 Bg7 3. Nc3 d6 4. Be3 a6 5. h4 h5 6. a4 Nf6 7. f3 Nc6 8. Nh3 Bxh3
9. Rxh3 e5 10. dxe5 Nxe5 11. Qd2 Qd7 12. Rh1 Qc6 13. Bg5 Ned7 14. a5 O-O 15. Ra4
b5 16. axb6 Qxb6 17. Ra2 Rfe8 18. Bc4 Qb4 19. Be2 Nb6 20. Na4 a5 21. c3 Qb3 22.
Ra3 Qe6 23. Nxb6 cxb6 24. Bb5 Rec8 1/2-1/2

[Event "TCh-TUR Super League 2014"]
[Site "Kocaeli TUR"]
[Date "2014.08.23"]
[Round "7.6"]
[Board "5"]
[White "Arduman, Can"]
[Black "Genc, Cihan Sevinc"]
[Result "1/2-1/2"]
[WhiteTitle "IM"]
[WhiteElo "2347"]
[BlackElo "2213"]
[WhiteTeam "T.S. Alyans Satranc Spor Kulubu"]
[BlackTeam "Turk Hava Yollari Spor Kulubu"]
[WhiteFideId "6300022"]
[BlackFideId "6304370"]
[EventDate "2014.08.18"]

1. d4 e6 2. c4 Nf6 3. g3 Bb4+ 4. Bd2 a5 5. Bg2 O-O 6. Nf3 d6 7. O-O Bxd2 8. Qxd2
Nbd7 9. Nc3 e5 10. Rad1 Re8 11. dxe5 Nxe5 12. Nxe5 Rxe5 13. b3 Nd7 14. Qd4 f6
15. f4 Re8 16. Rd2 Nc5 17. Rfd1 Be6 18. h3 Qe7 19. Kh2 Rad8 20. e4 Bf7 21. Re1
c6 22. Rde2 Bh5 23. Re3 g5 24. Qd2 gxf4 25. gxf4 Kh8 26. Qf2 Qf7 27. Qh4 Rd7 28.
Rg3 Bg6 29. f5 Bxf5 30. Rf1 Be6 31. Rxf6 Qe7 32. Ne2 Rg8 33. Rxg8+ Bxg8 34. Ng3
Qe5 35. Rf5 Qe7 36. Qf4 Bf7 37. e5 Nd3 38. exd6 Rxd6 39. Rxf7 Nxf4 40. Rxe7 Rd2
41. Nf5 Rxg2+ 42. Kh1 h5 43. Rxb7 Rxa2 44. h4 Nd3 45. Nd4 c5 46. Nc6 a4 47. bxa4
Rxa4 48. Rd7 Nb2 49. Rd5 Rxc4 50. Rxh5+ Kg7 51. Na5 Rc2 52. Rg5+ Kf6 53. Rg2
Rc1+ 54. Kh2 Nd3 55. Nb3 Rb1 1/2-1/2

[Event "TCh-TUR Super League 2014"]
[Site "Kocaeli TUR"]
[Date "2014.08.23"]
[Round "7.6"]
[Board "6"]
[White "Melia, Salome"]
[Black "Soydan, Busra"]
[Result "1-0"]
[WhiteTitle "IM"]
[WhiteElo "2475"]
[BlackElo "1762"]
[WhiteTeam "Turk Hava Yollari Spor Kulubu"]
[BlackTeam "T.S. Alyans Satranc Spor Kulubu"]
[WhiteFideId "13602446"]
[BlackFideId "6318673"]
[EventDate "2014.08.18"]

1. e4 g6 2. d4 Bg7 3. Nf3 c6 4. Nc3 d5 5. h3 dxe4 6. Nxe4 Nd7 7. Bd3 Ngf6 8.
Nxf6+ Nxf6 9. O-O O-O 10. Re1 h6 11. c3 Qc7 12. Ne5 Nd7 13. Ng4 Nf6 14. Nxh6+
Kh7 15. Ng4 Bxg4 16. hxg4 Rfe8 17. Qf3 Kg8 18. Bf4 Qd7 19. g5 Nd5 20. Be5 Rad8
21. Rad1 Nc7 22. Bc4 e6 23. Bf6 Rc8 24. Re4 Bxf6 25. gxf6 Nd5 26. Rh4 Qd8 27.
Bxd5 exd5 28. Qf4 1-0

[Event "TCh-TUR Super League 2014"]
[Site "Kocaeli TUR"]
[Date "2014.08.23"]
[Round "7.6"]
[Board "7"]
[White "Topak, Engin"]
[Black "Yargici, Mazhar Kutay"]
[Result "1/2-1/2"]
[WhiteTitle "FM"]
[WhiteElo "2208"]
[BlackElo "1992"]
[WhiteTeam "T.S. Alyans Satranc Spor Kulubu"]
[BlackTeam "Turk Hava Yollari Spor Kulubu"]
[WhiteFideId "6300324"]
[BlackFideId "6310400"]
[EventDate "2014.08.18"]

1. d4 d5 2. c4 e6 3. Nf3 Nf6 4. g3 Be7 5. Bg2 O-O 6. O-O Nbd7 7. cxd5 exd5 8.
Nc3 c6 9. Bf4 Re8 10. Rc1 Nf8 11. h3 Ne6 12. Be3 Bd6 13. Qd3 Qe7 14. Bd2 b6 15.
Rfe1 Bb7 16. e4 dxe4 17. Nxe4 Nxe4 18. Rxe4 Qf8 19. Ng5 Nxg5 20. Bxg5 f6 21. Bd2
Rac8 22. Rxe8 Qxe8 23. b4 Qd7 24. Qf3 Ba8 25. Bf4 Kh8 26. Bxd6 Qxd6 27. Qc3 Rd8
28. a3 a6 29. Bxc6 Bxc6 30. Qxc6 Qxd4 31. Qb7 a5 32. Rc7 f5 33. bxa5 bxa5 34.
Qf3 Qe5 35. Rd7 Re8 36. Rd5 Qe1+ 37. Kg2 g6 38. Qd3 Kg8 39. Qc4 Qe6 40. Qd4 Qc6
41. Kh2 Re1 42. Qd2 Rf1 43. Rd8+ Kf7 44. Qd7+ Qxd7 45. Rxd7+ Ke6 46. Rd2 Ra1 47.
Rd3 a4 48. Kg2 Ke5 49. h4 Ra2 50. Re3+ Kd6 51. Rc3 h6 52. Rd3+ Kc5 53. Rc3+ Kd5
54. Rf3 Kc4 55. h5 g5 56. Rxf5 Rxa3 57. Rf6 Rd3 58. Rxh6 a3 59. Ra6 Kb3 60. h6
a2 61. h7 Rd8 62. Rb6+ Kc2 63. Rc6+ Kb2 64. Rb6+ Kc2 65. Ra6 Kb2 66. Rb6+ 1/2-1/2

[Event "TCh-TUR Super League 2014"]
[Site "Kocaeli TUR"]
[Date "2014.08.23"]
[Round "7.6"]
[Board "8"]
[White "Ozturk, Hilal"]
[Black "Wang, Jue"]
[Result "0-1"]
[BlackTitle "WGM"]
[WhiteElo "1816"]
[BlackElo "2368"]
[WhiteTeam "Turk Hava Yollari Spor Kulubu"]
[BlackTeam "T.S. Alyans Satranc Spor Kulubu"]
[WhiteFideId "6315330"]
[BlackFideId "8604070"]
[EventDate "2014.08.18"]

1. e4 c5 2. c3 d5 3. exd5 Qxd5 4. d4 Nf6 5. Nf3 e6 6. Na3 Be7 7. Be2 O-O 8. Nb5
Na6 9. O-O cxd4 10. c4 Qc5 11. Nbxd4 b6 12. Be3 Qc7 13. Nb5 Qb8 14. Qc1 Bb7 15.
Bf4 Qc8 16. Nd6 Bxd6 17. Bxd6 Re8 18. Be5 Ne4 19. Ng5 Nac5 20. f3 Nd7 21. Bd4
Nd6 22. Bd3 Nf5 23. Qf4 Qb8 24. Qg4 Ne5 25. Qh5 Nxd4 26. Bxh7+ Kf8 27. f4 Nef3+
28. gxf3 Qxf4 29. Be4 g6 30. Bxg6 Ke7 31. Rad1 Rh8 32. Bh7 Rag8 33. h4 Nxf3+ 34.
Rxf3 Bxf3 0-1

[Event "TCh-TUR Super League 2014"]
[Site "Kocaeli TUR"]
[Date "2014.08.23"]
[Round "7.6"]
[Board "9"]
[White "Dedebas, Emre Emin"]
[Black "Eren, Ataberk"]
[Result "1-0"]
[WhiteElo "1868"]
[BlackElo "1799"]
[WhiteTeam "T.S. Alyans Satranc Spor Kulubu"]
[BlackTeam "Turk Hava Yollari Spor Kulubu"]
[WhiteFideId "6349005"]
[BlackFideId "6349765"]
[EventDate "2014.08.18"]

1. d4 Nf6 2. Nf3 c5 3. d5 e6 4. Nc3 d6 5. e4 exd5 6. exd5 Be7 7. Be2 O-O 8. O-O
Na6 9. Bf4 Nc7 10. a4 Rb8 11. h3 b6 12. Rb1 Bb7 13. Bc4 a6 14. Re1 b5 15. axb5
axb5 16. Bxb5 Ncxd5 17. Nxd5 Bxd5 18. c4 Be6 19. Ra1 h6 20. Ra7 Rb6 21. Bd2 Rxb5
22. cxb5 Nd5 23. Qa1 Nb6 24. Ba5 Qb8 25. Bxb6 Bf6 26. Qa5 Bc4 27. Bc7 Qxb5 28.
Qxb5 Bxb5 29. Bxd6 Rc8 30. Be5 Bd8 31. Rea1 Bc6 32. R7a6 Bb7 33. Ra7 Bc6 34. Bc3
Bc7 35. Rd1 Kh7 36. Ba5 Ba4 37. Ra1 Bb8 38. Rxf7 Bb3 39. Re7 Bd6 40. Rd7 Bf8 41.
Bc3 Be6 42. Rda7 Re8 43. Ra8 1-0

[Event "TCh-TUR Super League 2014"]
[Site "Kocaeli TUR"]
[Date "2014.08.23"]
[Round "7.6"]
[Board "10"]
[White "Kaymaz, Lena Nur"]
[Black "Ozbay, Ece"]
[Result "1/2-1/2"]
[WhiteElo "1687"]
[BlackElo "1611"]
[WhiteTeam "Turk Hava Yollari Spor Kulubu"]
[BlackTeam "T.S. Alyans Satranc Spor Kulubu"]
[WhiteFideId "6359990"]
[BlackFideId "6351743"]
[EventDate "2014.08.18"]

1. e4 c5 2. Nf3 Nc6 3. d4 cxd4 4. Nxd4 g6 5. Nc3 Bg7 6. Nde2 Nf6 7. g3 d6 8. Bg2
O-O 9. O-O Bd7 10. Nd5 Ne5 11. h3 Nxd5 12. exd5 Rc8 13. c3 Bb5 14. a4 Ba6 15. f4
Nc4 16. b4 b5 17. a5 Bb7 18. Nd4 a6 19. Ra2 Qd7 20. Re2 Rfe8 21. Rfe1 Rc7 22.
Qd3 Qc8 23. Kh2 Qa8 24. Nc6 Bxc6 25. dxc6 e6 26. Be3 Nxe3 27. Qxe3 Rd8 28. Qb6
Qa7 29. Re3 d5 30. Qxa7 Rxa7 31. g4 Bh6 32. Rf3 Rc7 33. f5 Rxc6 34. fxe6 fxe6
35. Rf6 Rdd6 36. Rexe6 Rxe6 37. Bxd5 Kg7 38. Rxe6 Rxe6 39. Bxe6 Bd2 40. c4 bxc4
41. Bxc4 Bxb4 42. Bxa6 Bxa5 43. Kg3 Kf6 44. Kf4 1/2-1/2

[Event "TCh-TUR Super League 2014"]
[Site "Kocaeli TUR"]
[Date "2014.08.25"]
[Round "8.1"]
[Board "3"]
[White "Esen, Baris"]
[Black "Haznedaroglu, Kivanc"]
[Result "1-0"]
[WhiteTitle "GM"]
[BlackTitle "GM"]
[WhiteElo "2589"]
[BlackElo "2471"]
[WhiteTeam "Denizsu Aquamatch Satranc Genclik VE Spor Kulubu"]
[BlackTeam "T.S. Alyans Satranc Spor Kulubu"]
[WhiteFideId "6302114"]
[BlackFideId "6300634"]
[EventDate "2014.08.18"]

1. Nf3 Nf6 2. c4 g6 3. d4 Bg7 4. g3 O-O 5. Bg2 c6 6. Nc3 d5 7. cxd5 cxd5 8. Ne5
e6 9. O-O Nfd7 10. f4 Nc6 11. Be3 Nb6 12. Bf2 f6 13. Nd3 f5 14. Ne5 Bd7 15. e3
Qe7 16. g4 Nxe5 17. dxe5 fxg4 18. Qxg4 Na4 19. Nxa4 Bxa4 20. Rac1 Bb5 21. Rfd1
Qf7 22. Be1 Bc6 23. Bc3 Rfc8 24. Bd4 Bf8 25. Bf1 a6 26. Bd3 Ba4 27. b3 Bb5 28.
Bb1 Ba3 29. Rxc8+ Rxc8 30. h4 Kf8 31. Kf2 Ke8 32. Rh1 Rc1 33. Rxc1 Bxc1 34. Bc5
Bd2 35. Qg5 Bc3 36. h5 gxh5 37. Bb6 Kf8 38. Qh6+ Ke7 39. Qg5+ Kf8 40. a4 Bc6 41.
Bc5+ Ke8 42. Ke2 Ba5 43. Qh6 Kd8 44. Bxh7 Be8 45. f5 Qd7 46. Bg8 Qc6 47. Qf6+
Kc7 48. Bd6+ 1-0

[Event "TCh-TUR Super League 2014"]
[Site "Kocaeli TUR"]
[Date "2014.08.25"]
[Round "8.1"]
[Board "4"]
[White "Yilmazyerli, Mert"]
[Black "Citak, Selim"]
[Result "1-0"]
[WhiteTitle "FM"]
[BlackTitle "FM"]
[WhiteElo "2454"]
[BlackElo "2340"]
[WhiteTeam "T.S. Alyans Satranc Spor Kulubu"]
[BlackTeam "Denizsu Aquamatch Satranc Genclik VE Spor Kulubu"]
[WhiteFideId "6305962"]
[BlackFideId "6301819"]
[EventDate "2014.08.18"]

1. d4 d5 2. Nf3 Nf6 3. c4 e6 4. g3 Be7 5. Bg2 O-O 6. O-O c5 7. cxd5 exd5 8. Nc3
Nc6 9. dxc5 Bxc5 10. a3 Re8 11. b4 Bf8 12. Bb2 Be6 13. Rc1 Ne4 14. Nd4 Nxc3 15.
Rxc3 Nxd4 16. Qxd4 a5 17. b5 Be7 18. Rc8 1-0

[Event "TCh-TUR Super League 2014"]
[Site "Kocaeli TUR"]
[Date "2014.08.25"]
[Round "8.1"]
[Board "5"]
[White "Secer, Ata"]
[Black "Arduman, Can"]
[Result "1-0"]
[WhiteTitle "FM"]
[BlackTitle "IM"]
[WhiteElo "2319"]
[BlackElo "2347"]
[WhiteTeam "Denizsu Aquamatch Satranc Genclik VE Spor Kulubu"]
[BlackTeam "T.S. Alyans Satranc Spor Kulubu"]
[WhiteFideId "6303293"]
[BlackFideId "6300022"]
[EventDate "2014.08.18"]

1. e4 g6 2. d4 Bg7 3. Nf3 d6 4. c3 Nf6 5. Bd3 O-O 6. O-O Nbd7 7. Nbd2 e5 8. dxe5
Nxe5 9. Nxe5 dxe5 10. Bc4 Bh6 11. Qe2 Qe7 12. a4 Bg4 13. f3 Be6 14. Bxe6 Qxe6
15. Nc4 Bxc1 16. Rfxc1 Rfd8 17. Rd1 Ne8 18. a5 c6 19. Kf1 Nc7 20. Rd3 Rxd3 21.
Qxd3 Nb5 22. Rd1 Re8 23. Ne3 Kf8 24. Qd7 Qe7 25. a6 Qxd7 26. Rxd7 bxa6 27. Nc4
Re6 28. Ke2 h5 29. h4 f6 30. Na5 c5 31. Rd5 Ke8 32. Rxc5 Kd7 33. Nc4 Nc7 34. Ne3
Rb6 1-0

[Event "TCh-TUR Super League 2014"]
[Site "Kocaeli TUR"]
[Date "2014.08.25"]
[Round "8.1"]
[Board "6"]
[White "Soydan, Busra"]
[Black "Dzagnidze, Nana"]
[Result "0-1"]
[BlackTitle "GM"]
[WhiteElo "1762"]
[BlackElo "2550"]
[WhiteTeam "T.S. Alyans Satranc Spor Kulubu"]
[BlackTeam "Denizsu Aquamatch Satranc Genclik VE Spor Kulubu"]
[WhiteFideId "6318673"]
[BlackFideId "13601903"]
[EventDate "2014.08.18"]

1. e4 c5 2. Nf3 e6 3. d3 Nc6 4. g3 d5 5. Nbd2 Nf6 6. Bg2 Be7 7. O-O O-O 8. Re1
Rb8 9. Qe2 b5 10. Nf1 b4 11. Bf4 Rb6 12. e5 Nd7 13. h4 a5 14. Bh3 Ba6 15. Ne3
Nd4 16. Nxd4 cxd4 17. Ng4 Rc6 18. h5 Bg5 19. h6 g6 20. Bxg5 Qxg5 21. f4 Qd8 22.
Rf1 Qc7 23. Rf2 Rc8 24. Rc1 a4 25. Nf6+ Nxf6 26. exf6 b3 27. axb3 axb3 28. Re1
Rxc2 29. Qg4 Rxf2 30. Rxe6 Rxb2 31. Rxa6 Qc1+ 32. Bf1 Qxf1+ 0-1

[Event "TCh-TUR Super League 2014"]
[Site "Kocaeli TUR"]
[Date "2014.08.25"]
[Round "8.1"]
[Board "7"]
[White "Firat, Burak"]
[Black "Topak, Engin"]
[Result "1-0"]
[WhiteTitle "IM"]
[BlackTitle "FM"]
[WhiteElo "2456"]
[BlackElo "2208"]
[WhiteTeam "Denizsu Aquamatch Satranc Genclik VE Spor Kulubu"]
[BlackTeam "T.S. Alyans Satranc Spor Kulubu"]
[WhiteFideId "6305881"]
[BlackFideId "6300324"]
[EventDate "2014.08.18"]

1. e4 Nf6 2. e5 Nd5 3. d4 d6 4. Nf3 dxe5 5. Nxe5 c6 6. Be2 Nd7 7. Nf3 g6 8. O-O
Bg7 9. c4 Nc7 10. Nc3 O-O 11. Re1 b6 12. Be3 Bb7 13. Qd2 c5 14. Rad1 cxd4 15.
Nxd4 Nc5 16. Qc2 Qc8 17. b4 N5e6 18. Nxe6 Nxe6 19. Nd5 Bxd5 20. Rxd5 Qc6 21. Bf3
Rac8 22. c5 bxc5 23. bxc5 Qc7 24. Red1 Rfd8 25. Rxd8+ Rxd8 26. Rxd8+ Qxd8 27. c6
Qa5 28. g3 Be5 29. Qc4 Bc7 30. Bd5 Nd8 31. Kg2 Bd6 32. Qd4 Qc7 33. Qxa7 Qxa7 34.
Bxa7 Bc7 35. a4 e6 36. Bf3 f5 37. Bc5 Nf7 38. Bb4 Ne5 39. a5 g5 40. a6 1-0

[Event "TCh-TUR Super League 2014"]
[Site "Kocaeli TUR"]
[Date "2014.08.25"]
[Round "8.1"]
[Board "8"]
[White "Wang, Jue"]
[Black "Patel, Yesim"]
[Result "1/2-1/2"]
[WhiteTitle "WGM"]
[BlackTitle "WCM"]
[WhiteElo "2368"]
[BlackElo "1882"]
[WhiteTeam "T.S. Alyans Satranc Spor Kulubu"]
[BlackTeam "Denizsu Aquamatch Satranc Genclik VE Spor Kulubu"]
[WhiteFideId "8604070"]
[BlackFideId "6300200"]
[EventDate "2014.08.18"]

1. e4 c5 2. Nf3 Nc6 3. d4 cxd4 4. Nxd4 e5 5. Nb5 d6 6. c4 Be7 7. N1c3 a6 8. Na3
f5 9. exf5 Bxf5 10. Nc2 Nf6 11. Ne3 Be6 12. g3 O-O 13. Bg2 Qd7 14. O-O Bd8 15.
Ned5 Bg4 16. f3 Be6 17. Be3 Ne7 18. Nxf6+ gxf6 19. b3 f5 20. f4 e4 21. Qe2 Ba5
22. Rac1 Rf7 23. Rfd1 Bxc3 24. Rxc3 Rc8 25. Rcc1 Rc6 26. a4 Qc7 27. Bf1 Qa5 28.
Qb2 Qb4 29. Bd4 Rb6 30. Bxb6 Qxb6+ 31. Qd4 Qxb3 32. Rb1 Qa3 33. Qxd6 Qe3+ 34.
Kh1 Bxc4 35. Bxc4 Qf3+ 36. Kg1 Qe3+ 37. Kf1 Qf3+ 38. Ke1 Qc3+ 39. Qd2 Qxc4 40.
Rxb7 Qxa4 41. Qc3 Nc6 42. Rb6 Ne7 43. Rd8+ Rf8 44. Rxf8+ Kxf8 45. Qf6+ Ke8 46.
Rb8+ Kd7 47. Rb7+ Kc8 48. Qxe7 Qc6 49. Rb4 Qc1+ 50. Ke2 Qc2+ 51. Ke3 Qd3+ 52.
Kf2 Qd2+ 53. Kf1 Qd1+ 54. Kg2 Qe2+ 55. Kg1 Qe1+ 56. Kg2 Qe2+ 57. Kh3 Qg4+ 58.
Kg2 Qe2+ 59. Kh3 1/2-1/2

[Event "TCh-TUR Super League 2014"]
[Site "Kocaeli TUR"]
[Date "2014.08.25"]
[Round "8.1"]
[Board "9"]
[White "Tuncer, Tuna"]
[Black "Can, Melih Kaan"]
[Result "0-1"]
[WhiteElo "1996"]
[BlackElo "2034"]
[WhiteTeam "Denizsu Aquamatch Satranc Genclik VE Spor Kulubu"]
[BlackTeam "T.S. Alyans Satranc Spor Kulubu"]
[WhiteFideId "6349269"]
[BlackFideId "6317383"]
[EventDate "2014.08.18"]

1. e4 e5 2. Nf3 Nc6 3. Bb5 a6 4. Ba4 Nf6 5. O-O b5 6. Bb3 Be7 7. Re1 O-O 8. c3
d6 9. h3 Nb8 10. d4 Nbd7 11. Nbd2 Bb7 12. Bc2 Re8 13. Nf1 Bf8 14. Ng3 g6 15. a4
Bg7 16. d5 Qb8 17. b4 c6 18. dxc6 Bxc6 19. axb5 axb5 20. Rxa8 Bxa8 21. Bb3 Nb6
22. Bg5 h6 23. Bxf6 Bxf6 24. Qd3 Bc6 25. Nh2 Bg7 26. Rd1 Rd8 27. Ng4 h5 28. Ne3
h4 29. Ne2 Qa8 30. Nd5 Nxd5 31. Bxd5 Bf8 32. c4 Bxd5 33. cxd5 Qa4 34. Qd2 Rc8
35. Rc1 Rc4 36. Rxc4 bxc4 37. Kh2 Be7 38. Qc3 Qa2 39. Ng1 Bg5 40. b5 Bf4+ 41.
Kh1 Bd2 42. Qf3 Qb1 43. Qf6 c3 44. Qd8+ Kg7 45. Qxd6 c2 46. Qxe5+ Kh7 47. Qf6
Bh6 48. Qxf7+ Bg7 49. Qf4 c1=Q 50. Qxh4+ Kg8 51. Qd8+ Bf8 0-1

[Event "TCh-TUR Super League 2014"]
[Site "Kocaeli TUR"]
[Date "2014.08.25"]
[Round "8.1"]
[Board "10"]
[White "Ozbay, Ece"]
[Black "Vatansever, Buse"]
[Result "1-0"]
[WhiteElo "1611"]
[BlackElo "1686"]
[WhiteTeam "T.S. Alyans Satranc Spor Kulubu"]
[BlackTeam "Denizsu Aquamatch Satranc Genclik VE Spor Kulubu"]
[WhiteFideId "6351743"]
[BlackFideId "6324746"]
[EventDate "2014.08.18"]

1. e4 c6 2. Nc3 d5 3. Nf3 Nf6 4. e5 Ne4 5. Ne2 Bf5 6. d4 e6 7. Nfg1 f6 8. f3 Ng5
9. exf6 h6 10. g4 Bh7 11. h4 Nf7 12. fxg7 Bxg7 13. Nf4 Bf6 14. g5 hxg5 15. Nxe6
Qe7 16. Qe2 Be4 17. Bh3 Rxh4 18. Rh2 g4 19. Bxg4 Rxg4 20. fxg4 Qxe6 21. Be3 Na6
22. g5 Be7 23. O-O-O O-O-O 24. Nh3 Bd6 25. Nf4 Bxf4 26. Bxf4 Rg8 27. Qe3 Qg6 28.
Rg1 Qg7 29. g6 Bxg6 30. Qe6+ Kd8 31. Rhg2 Nh8 32. Be5 Qh6+ 33. Rg5 Nf7 34. Bf4
Nc7 35. Qf6+ Kc8 36. Rxg6 Rxg6 37. Rxg6 Qh1+ 38. Kd2 Qh7 39. Qf5+ Kb8 40. Rf6
Qxf5 41. Rxf5 Nd8 42. Rh5 Kc8 43. Rh8 Ne6 44. Be5 Kd7 45. Rh7+ Ke8 46. b3 Nf7
47. c4 Ke7 48. a4 Nd8 49. Kc3 Ke6 50. Bc7 b6 51. Bxd8 Nxd8 52. Rxa7 Kd6 53. a5
bxa5 54. c5+ Ke6 55. Rxa5 Nf7 56. Ra7 Ng5 57. Rc7 1-0

[Event "TCh-TUR Super League 2014"]
[Site "Kocaeli TUR"]
[Date "2014.08.25"]
[Round "8.2"]
[Board "1"]
[White "Yilmaz, Mustafa"]
[Black "Mchedlishvili, Mikheil"]
[Result "1/2-1/2"]
[WhiteTitle "GM"]
[BlackTitle "GM"]
[WhiteElo "2569"]
[BlackElo "2618"]
[WhiteTeam "Hatay Buyuksehir Belediye Genclik VE Spor Kulubu"]
[BlackTeam "Tarsus Zeka Satranc Kulubu"]
[WhiteFideId "6302718"]
[BlackFideId "13600966"]
[EventDate "2014.08.18"]

1. d4 Nf6 2. c4 g6 3. Nc3 d5 4. Nf3 Bg7 5. Qb3 dxc4 6. Qxc4 O-O 7. e4 Na6 8. Be2
c5 9. d5 e6 10. O-O exd5 11. exd5 Bf5 12. Rd1 Re8 13. d6 h6 14. h3 1/2-1/2

[Event "TCh-TUR Super League 2014"]
[Site "Kocaeli TUR"]
[Date "2014.08.25"]
[Round "8.2"]
[Board "2"]
[White "Miroshnichenko, Evgenij"]
[Black "Amonatov, Farrukh"]
[Result "1/2-1/2"]
[WhiteTitle "GM"]
[BlackTitle "GM"]
[WhiteElo "2602"]
[BlackElo "2590"]
[WhiteTeam "Tarsus Zeka Satranc Kulubu"]
[BlackTeam "Hatay Buyuksehir Belediye Genclik VE Spor Kulubu"]
[WhiteFideId "14102595"]
[BlackFideId "14700077"]
[EventDate "2014.08.18"]

1. e4 e5 2. Nf3 Nc6 3. Bc4 Bc5 4. c3 Nf6 5. d3 d6 6. O-O O-O 7. Bb3 a6 8. Nbd2
Ba7 9. Re1 Ne7 10. Nf1 Ng6 11. Ng3 Be6 12. Bc2 h6 13. d4 Bg4 1/2-1/2

[Event "TCh-TUR Super League 2014"]
[Site "Kocaeli TUR"]
[Date "2014.08.25"]
[Round "8.2"]
[Board "3"]
[White "Kazhgaleyev, Murtas"]
[Black "Yurtseven, Ahmet Can"]
[Result "1-0"]
[WhiteTitle "GM"]
[BlackTitle "FM"]
[WhiteElo "2563"]
[BlackElo "2289"]
[WhiteTeam "Hatay Buyuksehir Belediye Genclik VE Spor Kulubu"]
[BlackTeam "Tarsus Zeka Satranc Kulubu"]
[WhiteFideId "13700316"]
[BlackFideId "6300081"]
[EventDate "2014.08.18"]

1. d4 d5 2. c4 c6 3. Nf3 Nf6 4. Nc3 g6 5. cxd5 cxd5 6. Bf4 Bg7 7. e3 O-O 8. h3
Nc6 9. Bd3 a6 10. Rc1 Nd7 11. Be2 Nb6 12. O-O Bf5 13. Nd2 e5 14. dxe5 Nxe5 15.
Nb3 Nc6 16. Bf3 Ne5 17. Nd4 Nxf3+ 18. Nxf3 Rc8 19. Be5 Bxe5 20. Nxe5 Nc4 21. Qd4
Be6 22. b3 Nxe5 23. Qxe5 Re8 24. Qd4 Rc6 25. Rcd1 Qa5 26. Na4 Rec8 27. Rd2 b5
28. Nc5 Qa3 29. Nd3 a5 30. Nf4 a4 31. bxa4 bxa4 32. Nxd5 Bxd5 33. Qxd5 Rc2 34.
Rfd1 Qb2 35. g3 a3 36. Kg2 Kg7 37. e4 R8c5 38. Qd6 Rc6 39. Qd5 R6c5 40. Qd3 h5
41. Qe3 Qb4 42. Qf4 Qb2 43. Rxc2 Rxc2 44. Rd8 Rc6 45. Rd2 Qf6 46. Qxf6+ Kxf6 47.
Rd3 Ra6 48. f4 Ke6 49. Kf3 f6 50. g4 hxg4+ 51. hxg4 Ra8 52. Rb3 Ra6 53. f5+ gxf5
54. gxf5+ Ke7 55. Rb7+ Ke8 56. Ke3 Ra4 57. Kd3 Kf8 58. Rd7 Kg8 59. Rd4 Ra7 60.
Kc3 Kg7 61. Kb3 1-0

[Event "TCh-TUR Super League 2014"]
[Site "Kocaeli TUR"]
[Date "2014.08.25"]
[Round "8.2"]
[Board "4"]
[White "Goksel, Doga Cihan"]
[Black "Ali Marandi, Cemil Can"]
[Result "1/2-1/2"]
[BlackTitle "IM"]
[WhiteElo "2222"]
[BlackElo "2397"]
[WhiteTeam "Tarsus Zeka Satranc Kulubu"]
[BlackTeam "Hatay Buyuksehir Belediye Genclik VE Spor Kulubu"]
[WhiteFideId "6301924"]
[BlackFideId "6300529"]
[EventDate "2014.08.18"]

1. Nf3 d5 2. d4 Nf6 3. c4 c6 4. Nc3 a6 5. a4 e6 6. Bg5 a5 7. e3 Be7 8. Be2 O-O
9. O-O Na6 10. Qb3 Nb4 11. Rfd1 b6 12. Bxf6 Bxf6 13. e4 Bb7 14. Rac1 Qb8 15.
cxd5 exd5 16. exd5 cxd5 17. Na2 Nxa2 18. Qxa2 Qd6 19. Bb5 Rac8 20. Qb3 Rc7 21.
Rc3 Rfc8 22. Rdc1 g6 23. g3 Kg7 24. Kg2 h5 25. h4 1/2-1/2

[Event "TCh-TUR Super League 2014"]
[Site "Kocaeli TUR"]
[Date "2014.08.25"]
[Round "8.2"]
[Board "5"]
[White "Gulbas, Cemil"]
[Black "Ozkan, Ervin"]
[Result "1-0"]
[WhiteTitle "IM"]
[WhiteElo "2365"]
[BlackElo "2215"]
[WhiteTeam "Hatay Buyuksehir Belediye Genclik VE Spor Kulubu"]
[BlackTeam "Tarsus Zeka Satranc Kulubu"]
[WhiteFideId "201820"]
[BlackFideId "6306004"]
[EventDate "2014.08.18"]

1. Nf3 d5 2. g3 c6 3. Bg2 Bg4 4. d3 Nd7 5. O-O Ngf6 6. Nbd2 e5 7. h3 Bh5 8. e4
dxe4 9. dxe4 Bc5 10. Qe1 Bxf3 11. Nxf3 Qc7 12. b3 O-O 13. Bb2 Rfe8 14. Qe2 Bb6
15. Nh4 Bd4 16. Bxd4 exd4 17. Rae1 Rad8 18. Nf5 g6 19. Nxd4 Nc5 20. c3 Ncxe4 21.
Qc2 Nc5 22. b4 Ncd7 23. Nb3 Re5 24. c4 Rde8 25. Rxe5 Nxe5 26. Rd1 Rd8 27. Rxd8+
Qxd8 28. Qe2 Ned7 29. Na5 Qc8 30. Qe7 h5 31. a3 h4 32. g4 Qc7 33. Qe3 Nb6 34.
Qg5 Kg7 35. Qxh4 Qf4 36. Qg3 Qc1+ 37. Bf1 Nbd7 38. Qe3 Qb2 39. Nxb7 Ne5 40. Nd6
Qa1 41. Kg2 a6 42. Be2 Qb2 43. f4 Ned7 44. Qe7 Qd2 45. g5 1-0

[Event "TCh-TUR Super League 2014"]
[Site "Kocaeli TUR"]
[Date "2014.08.25"]
[Round "8.2"]
[Board "7"]
[White "Buyukasik, Diyap"]
[Black "Komut, Burak"]
[Result "1/2-1/2"]
[WhiteElo "2165"]
[BlackElo "1951"]
[WhiteTeam "Hatay Buyuksehir Belediye Genclik VE Spor Kulubu"]
[BlackTeam "Tarsus Zeka Satranc Kulubu"]
[WhiteFideId "6319602"]
[BlackFideId "6309984"]
[EventDate "2014.08.18"]

1. Nf3 d5 2. g3 Nf6 3. Bg2 c6 4. O-O Nbd7 5. d4 g6 6. c4 Bg7 7. cxd5 cxd5 8. Nc3
O-O 9. Qb3 Nb6 10. Ne5 Be6 11. a4 a5 12. Nd3 Ne4 13. Nf4 Nxc3 14. bxc3 Rc8 15.
Nxe6 fxe6 16. Bh3 Rc6 17. Bf4 h6 18. Rab1 g5 19. Be3 Qd6 20. Bc1 Rb8 21. Qb5 Nc4
22. Qb3 e5 23. e3 e4 24. Bg4 Rb6 25. Qc2 Rxb1 26. Qxb1 Qc6 27. f3 Rf8 28. fxe4
Rxf1+ 29. Kxf1 dxe4 30. Qb3 e6 31. Be2 Nb6 32. Bb5 Qd5 33. Qxd5 exd5 34. Ba3 Bf8
35. Bc5 Bxc5 36. dxc5 Nc4 37. Bd7 Kf7 38. Bc8 b6 39. Ba6 bxc5 1/2-1/2